000 00175nam a2200073Ia 4500
008 170620s9999 xx 000 0 und d
100 _aKUMAR ASHOK
245 0 _aRADIO AUR SANGEET
260 _bNEW DELHI KANISKA
999 _c30222
_d30222